All 10k+ cities in Europe starting with A on a Map - Statistics

General Stats
  • This quiz has been taken 1,033 times
    1,029 since last reset
  • The average score is 42 of 518
Answers on the Map
Answers color-coded by a green-red scale on the quiz's map according to % correct below.
 
Answer Stats
Country Population Name % Correct
Netherlands 1,114,745 Amsterdam
89%
Belgium 29,571 Ath
89%
Greece 664,046 Athens
87%
Belgium 529,417 Antwerp
79%
Norway 20,439 Ås
72%
Czechia 13,105
72%
Denmark 282,910 Aarhus
70%
United Kingdom 198,410 Aberdeen
70%
Germany 248,878 Aachen
66%
Denmark 119,219 Aalborg
61%
Spain 337,482 Alicante
59%
Germany 295,830 Augsburg
57%
France 70,817 Ajaccio
53%
Russia 344,927 Arkhangelsk
51%
Spain 247,604 A Coruña
48%
Spain 201,322 Almería
47%
France 133,891 Amiens
47%
France 91,729 Avignon
46%
Russia 524,371 Astrakhan
43%
Italy 31,215 Alba
42%
Italy 12,188 Alba Adriatica
42%
Sweden 10,412 Åhus
41%
France 154,508 Angers
41%
Italy 99,108 Ancona
40%
France 143,097 Aix-en-Provence
39%
France 29,993 Aix-les-Bains
38%
Germany 68,361 Aalen
37%
Germany 52,635 Ahlen
37%
France 40,802 Alès
37%
Netherlands 110,245 Arnhem
37%
Spain 174,336 Albacete
32%
Netherlands 177,045 Almere
32%
France 128,199 Annecy
32%
Netherlands 101,825 Alkmaar
31%
Netherlands 153,420 Amersfoort
30%
Netherlands 140,210 Apeldoorn
30%
Andorra 19,403 Andorra la Vella
29%
Romania 159,074 Arad
29%
France 51,031 Arles
29%
Spain 123,078 Algeciras
27%
Italy 74,348 Asti
27%
Norway 66,670 Ålesund
26%
Belgium 120,887 Anderlecht
26%
Russia 16,004 Anna
26%
Italy 33,409 Aosta
26%
Italy 92,104 Alessandria
24%
Belgium 28,503 Ans
24%
Germany 70,858 Aschaffenburg
24%
Italy 97,842 Arezzo
23%
Spain 75,533 Alcalá de Guadaíra
22%
Spain 197,562 Alcalá de Henares
22%
Spain 12,186 Alcalá del Río
22%
Spain 21,709 Alcalá la Real
22%
Portugal 171,719 Amadora
22%
France 72,915 Antibes
22%
Belgium 33,827 Asse
22%
France 34,764 Auxerre
22%
France 48,993 Albi
21%
Spain 172,384 Alcorcón
21%
Norway 20,847 Alta
21%
Belgium 30,393 Arlon
21%
Netherlands 65,695 Assen
21%
Spain 58,369 Ávila
21%
United Kingdom 15,812 Aberystwyth
20%
Iceland 19,069 Akureyri
20%
France 110,213 Argenteuil
20%
United Kingdom 15,880 Armagh
20%
Italy 56,045 Agrigento
19%
Portugal 62,130 Aveiro
19%
United Kingdom 46,480 Ayr
19%
Italy 97,942 Andria
18%
United Kingdom 75,262 Ashford
18%
United Kingdom 28,862 Ashford (Spelthorne)
18%
United Kingdom 88,950 Aylesbury
18%
United Kingdom 36,534 Accrington
16%
Spain 77,791 Avilés
16%
Netherlands 12,880 Aalten
15%
Portugal 95,460 Almada
15%
Netherlands 67,180 Almelo
15%
United Kingdom 24,490 Antrim
15%
France 41,555 Arras
15%
Belgium 87,978 Aalst
14%
Netherlands 10,055 Aalst
14%
Romania 63,536 Alba Iulia
14%
Spain 118,417 Alcobendas
14%
Romania 45,434 Alexandria
14%
Greece 14,821 Alexandria
14%
Greece 57,812 Alexandroupoli
14%
Russia 79,857 Azov
14%
United Kingdom 56,112 Altrincham
13%
Germany 41,681 Ansbach
13%
Italy 73,296 Aprilia
13%
United Kingdom 23,040 Arbroath
13%
United Kingdom 31,396 Aberdare
12%
United Kingdom 36,080 Airdrie
12%
Netherlands 70,460 Alphen aan den Rijn
12%
Germany 42,052 Amberg
12%
United Kingdom 46,906 Andover
12%
France 41,711 Angoulême
12%
Russia 53,847 Apatity
12%
France 87,572 Aubervilliers
12%
Switzerland 21,726 Aarau
11%
United Kingdom 39,654 Abingdon
11%
United Kingdom 58,511 Aldershot
11%
Italy 42,295 Alghero
11%
Germany 31,101 Altenburg
11%
Austria 23,569 Amstetten
11%
France 11,567 Arcachon
11%
Russia 187,215 Armavir
11%
Germany 73,487 Arnsberg
11%
United Kingdom 28,283 Ashton-in-Makerfield
11%
United Kingdom 47,826 Ashton-under-Lyne
11%
Ireland 15,686 Athlone
11%
United Kingdom 14,130 Alloa
10%
Lithuania 49,195 Alytus
10%
Norway 94,915 Asker
10%
Germany 20,084 Aue-Bad Schlema
10%
Germany 42,268 Aurich
10%
Italy 53,064 Avellino
10%
United Kingdom 13,558 Abergavenny
9%
France 33,012 Agen
9%
Portugal 81,083 Agualva-Cacém
9%
Sweden 27,423 Alingsås
9%
France 62,858 Antony
9%
France 85,946 Asnières-sur-Seine
9%
Netherlands 12,200 Asten
9%
Denmark 16,410 Aabenraa
8%
Portugal 21,290 Albufeira
8%
United Kingdom 19,785 Alton (East Hampshire)
8%
Ireland 12,967 Arklow
8%
Russia 103,396 Arzamas
8%
France 22,837 Abbeville
7%
Finland 11,332 Alavus
7%
France 19,214 Albertville
7%
Ukraine 106,550 Alchevsk
7%
Russia 57,102 Aleksin
7%
France 25,775 Alençon
7%
Russia 94,340 Anapa
7%
France 24,778 Armentières
7%
Netherlands 74,075 Arnhem-zuid
7%
Italy 28,059 Assisi
7%
Poland 29,946 Augustów
7%
France 13,662 Avon
7%
Italy 50,744 Acireale
6%
Italy 18,861 Adria
6%
France 29,090 Agde
6%
Germany 39,404 Ahaus
6%
Russia 158,019 Almetyevsk
6%
Italy 69,818 Altamura
6%
Sweden 29,263 Ängelholm
6%
Germany 12,288 Anklam
6%
United Kingdom 12,450 Armadale
6%
Greece 21,895 Árta
6%
United Kingdom 28,139 Ashington (Wansbeck)
6%
France 22,200 Auch
6%
Sweden 16,278 Avesta
6%
Greece 99,346 Acharnes
5%
Germany 32,084 Achim
5%
Belgium 13,407 Affligem
5%
Germany 34,052 Ahrensburg
5%
Russia 57,073 Alexandrov
5%
Germany 11,174 Altdorf
5%
Germany 15,450 Altdorf b. Nürnberg
5%
Germany 18,820 Alzey
5%
United Kingdom 24,808 Amersham
5%
Spain 32,104 Ames
5%
Germany 30,132 Andernach
5%
Germany 19,393 Annaberg-Buchholz
5%
France 36,250 Annemasse
5%
Italy 52,373 Anzio
5%
Spain 60,332 Aranjuez
5%
Norway 45,065 Arendal
5%
Greece 22,209 Árgos
5%
Spain 20,804 Aspe
5%
Italy 34,490 Augusta
5%
France 86,278 Aulnay-sous-Bois
5%
France 25,531 Aurillac
5%
France 10,246 Avranches
5%
Italy 58,961 Acerra
4%
Germany 25,615 Achern
4%
Italy 62,271 Afragola
4%
Greece 46,899 Agrinio
4%
Germany 21,488 Aichach
4%
Italy 23,304 Albenga
4%
Germany 45,472 Albstadt
4%
Spain 59,354 Alcoy
4%
Spain 20,819 Alcúdia
4%
Poland 12,058 Aleksandrów Kujawski
4%
Poland 21,754 Aleksandrów Łódzki
4%
Spain 10,413 Aller
4%
Germany 47,330 Alsdorf
4%
Germany 15,941 Alsfeld
4%
Germany 16,527 Altena
4%
Germany 13,637 Angermünde
4%
France 39,604 Anglet
4%
Germany 22,209 Apolda
4%
Netherlands 11,235 Appingedam
4%
Italy 17,823 Arco
4%
United Kingdom 10,510 Ardrossan
4%
Germany 27,072 Arnstadt
4%
Italy 13,750 Arona
4%
Switzerland 12,184 Arth
4%
Sweden 14,435 Arvika
4%
Italy 46,760 Ascoli Piceno
4%
United Kingdom 14,528 Ashby-de-la-Zouch
4%
France 47,208 Aubagne
4%
Germany 18,048 Auerbach/Vogtl.
4%
Ukraine 31,940 Avdiivka
4%
Italy 51,228 Aversa
4%
Netherlands 11,450 Aalsmeer
3%
Finland 18,577 Äänekoski
3%
Belgium 30,281 Aarschot
3%
Spain 25,412 Adra
3%
Italy 10,322 Alassio
3%
Spain 30,766 Alcázar de San Juan
3%
Germany 12,502 Alpen
3%
Germany 12,977 Altötting
3%
Russia 28,295 Alushta
3%
France 12,693 Amboise
3%
Portugal 41,140 Amora
3%
Poland 19,837 Andrychów
3%
Spain 36,615 Andújar
3%
Spain 41,318 Antequera
3%
Germany 11,827 Apen
3%
Spain 33,187 Aranda de Duero
3%
Switzerland 14,950 Arbon
3%
Russia 22,286 Armyansk
3%
Spain 32,738 Arteixo
3%
Germany 26,737 Aschersleben
3%
Bulgaria 48,236 Asenovgrad
3%
Spain 10,741 Astorga
3%
United Kingdom 73,130 Atherton
3%
France 13,945 Auray
3%
France 13,157 Autun
3%
Italy 30,492 Avola
3%
Belgium 29,242 Aalter
2%
Italy 19,868 Abano Terme
2%
Italy 32,473 Abbiategrasso
2%
Germany 14,192 Abensberg
2%
United Kingdom 10,745 Abertillery
2%
Italy 17,618 Aci Castello
2%
Italy 19,733 Acri
2%
Romania 16,045 Adjud
2%
Switzerland 19,049 Adliswil
2%
Italy 33,788 Adrano
2%
Switzerland 10,314 Aesch
2%
Switzerland 12,289 Affoltern am Albis
2%
Greece 71,294 Ágios Dimítrios
2%
Greece 11,421 Ágios Nikólaos
2%
Spain 35,722 Águilas
2%
Greece 20,422 Aigio
2%
Switzerland 10,462 Aigle
2%
Romania 22,876 Aiud
2%
Hungary 27,736 Ajka
2%
Finland 16,391 Akaa
2%
Sweden 36,869 Åkersberga
2%
Russia 36,127 Akhtubinsk
2%
Spain 16,577 Albal
2%
Italy 10,482 Alberobello
2%
Netherlands 19,355 Alblasserdam
2%
Italy 44,857 Alcamo
2%
Spain 16,006 Alcañiz
2%
Spain 42,345 Alcantarilla
2%
Spain 10,196 Alcàsser
2%
United Kingdom 39,466 Aldridge
2%
Serbia 16,685 Aleksinac
2%
Romania 10,066 Aleșd
2%
Russia 11,739 Alexandrovsk
2%
Germany 18,478 Alfeld (Leine)
2%
France 44,287 Alfortville
2%
United Kingdom 24,068 Alfreton
2%
France 20,860 Allauch
2%
Switzerland 21,374 Allschwil
2%
Spain 24,511 Almansa
2%
Spain 33,855 Almendralejo
2%
Netherlands 22,540 Almere-Haven
2%
Sweden 10,894 Älmhult
2%
Spain 24,507 Almonte
2%
Spain 25,927 Almuñécar
2%
Spain 22,558 Altea
2%
Germany 12,363 Altenstadt
2%
Norway 29,337 Alver
2%
Germany 18,525 Alzenau
2%
Spain 44,938 Alzira
2%
Greece 16,763 Amaliada
2%
Italy 11,464 Amelia
2%
United Kingdom 11,754 Amesbury
2%
Spain 19,529 Amorebieta-Etxano
2%
Spain 21,115 Amposta
2%
United Kingdom 22,089 Ampthill
2%
Switzerland 14,211 Amriswil
2%
Spain 10,264 Amurrio
2%
Belgium 27,669 Andenne
2%
Spain 14,691 Andoain
2%
Spain 11,433 Andratx
2%
United Kingdom 10,894 Annfield Plain
2%
Austria 17,433 Ansfelden
2%
Ukraine 52,353 Antratsyt
2%
Serbia 17,411 Apatin
2%
France 11,011 Apt
2%
Serbia 24,797 Aranđelovac
2%
Sweden 10,800 Arboga
2%
Spain 30,818 Arcos de la Frontera
2%
Italy 48,365 Ardea
2%
Spain 15,941 Arenys de Mar
2%
Italy 11,177 Arenzano
2%
Italy 19,201 Arese
2%
Spain 56,678 Arganda del Rey
2%
France 10,366 Argelès-sur-Mer
2%
Italy 20,780 Argenta
2%
France 13,730 Argentan
2%
Russia 40,290 Argun
2%
Spain 15,015 Arnedo
2%
United Kingdom 39,495 Arnold
2%
Spain 22,073 Arrasate
2%
Spain 20,537 Arroyo de la Encomienda
2%
Russia 20,219 Arsk
2%
Greece 21,488 Artemida
2%
Norway 29,594 Askøy
2%
Italy 26,121 Assemini
2%
Sweden 10,556 Åstorp
2%
Germany 24,330 Attendorn
2%
United Kingdom 11,659 Attleborough
2%
Italy 10,621 Aulla
2%
Belgium 10,249 Avelgem
2%
Italy 41,048 Avezzano
2%
Spain 21,104 Ayamonte
2%
Spain 11,627 Azkoitia
2%
Spain 15,106 Azpeitia
2%
Belgium 14,455 Aartselaar
1%
Spain 13,022 Abarán
1%
Russia 18,420 Abdulino
1%
Russia 39,186 Abinsk
1%
Hungary 14,277 Abony
1%
Portugal 16,920 Abrantes
1%
Spain 12,538 Abrera
1%
Italy 10,945 Acate
1%
France 21,098 Achères
1%
Italy 27,620 Aci Catena
1%
Italy 20,093 Acquaviva delle Fonti
1%
Italy 19,493 Acqui Terme
1%
United Kingdom 18,084 Addlestone
1%
Italy 16,490 Adelfia
1%
Germany 10,890 Adendorf
1%
United Kingdom 10,235 Adlington
1%
United Kingdom 18,951 Adwick le Street
1%
Russia 12,877 Adygeysk
1%
Germany 10,557 Aerzen
1%
Spain 20,351 A Estrada
1%
Greece 59,704 Agía Paraskeví
1%
Greece 26,550 Agía Varvára
1%
Russia 13,935 Agidel
1%
Greece 16,050 Ágios Ioánnis Réntis
1%
Italy 18,057 Agliana
1%
Italy 15,189 Agrate Brianza
1%
Italy 21,590 Agropoli
1%
Russia 19,743 Agryz
1%
Spain 10,025 A Guarda
1%
Portugal 14,360 Águeda
1%
Spain 13,382 Aguilar de la Frontera
1%
Germany 13,959 Ahrensfelde
1%
Belgium 10,790 Aiseau-Presles
1%
Russia 46,631 Aksay
1%
Russia 19,678 Alagir
1%
Spain 29,711 Alaquàs
1%
Italy 27,495 Alatri
1%
Russia 33,035 Alatyr
1%
Italy 39,349 Albano Laziale
1%
Spain 10,519 Alberic
1%
Hungary 12,792 Albertirsa
1%
Italy 25,931 Albignasego
1%
Italy 17,529 Albino
1%
Spain 18,962 Albolote
1%
Spain 24,741 Alboraia
1%
Spain 12,083 Albox
1%
Spain 10,483 Alcaudete
1%
Spain 32,204 Aldaia
1%
Germany 13,787 Aldenhoven
1%
Russia 37,583 Alexeyevka
1%
Russia 11,188 Alexeyevka
1%
Spain 21,395 Alfafar
1%
Portugal 13,670 Alfena
1%
Germany 23,467 Alfter
1%
Spain 27,430 Algemesí
1%
Spain 20,864 Algete
1%
Spain 13,827 Alginet
1%
Spain 22,160 Alhama de Murcia
1%
Spain 41,170 Alhaurín de la Torre
1%
Spain 25,358 Alhaurín el Grande
1%
Spain 21,474 Aljaraque
1%
Belgium 11,685 Alken
1%
France 11,075 Allonnes
1%
Spain 26,742 Almassora
1%
Portugal 11,480 Almeirim
1%
Spain 21,208 Almoradí
1%
Spain 13,112 Álora
1%
Spain 12,860 Alovera
1%
Spain 14,839 Alpedrete
1%
Italy 16,732 Alpignano
1%
United Kingdom 14,120 Alsager
1%
Italy 11,810 Altavilla Vicentina
1%
Germany 10,406 Altenberge
1%
Germany 10,781 Altensteig
1%
Italy 15,529 Altopascio
1%
Switzerland 11,938 Altstätten
1%
Germany 10,224 Altusried
1%
Portugal 30,930 Alverca do Ribatejo
1%
Italy 13,370 Alzano Lombardo
1%
Italy 13,858 Amantea
1%
Portugal 12,120 Amarante
1%
Belgium 14,368 Amay
1%
France 14,204 Ambérieu-en-Bugey
1%
France 13,099 Amilly
1%
Germany 11,274 Ammerbuch
1%
France 10,505 Amnéville
1%
Greece 37,381 Ampelókipoi
1%
Ukraine 18,047 Amvrosiivka
1%
Italy 20,988 Anagni
1%
France 11,012 Ancenis-Saint-Géréon
1%
Belgium 12,429 Anderlues
1%
France 12,096 Andernos-les-Bains
1%
France 13,078 Andrésy
1%
Italy 33,885 Angri
1%
Italy 19,101 Anguillara Sabazia
1%
France 10,146 Aniche
1%
France 10,486 Annœullin
1%
France 16,288 Annonay
1%
Greece 33,565 Áno Liósia
1%
Germany 10,225 Anröchte
1%
Spain 10,836 Ansoáin
1%
Ukraine 12,697 Antonivka
1%
Belgium 14,845 Anzegem
1%
France 13,303 Anzin
1%
Ukraine 13,246 Apostolove
1%
Germany 10,217 Appenweier
1%
Italy 14,817 Appiano sulla Strada del Vino
1%
Russia 32,424 Aprelevka
1%
Italy 12,700 Apricena
1%
Russia 39,162 Apsheronsk
1%
Spain 19,533 Arahal
1%
Spain 19,428 Archena
1%
Italy 17,833 Arcore
1%
France 21,721 Arcueil
1%
Russia 19,274 Ardon
1%
Belgium 13,207 Arendonk
1%
Spain 12,536 Argentona
1%
Greece 34,097 Argyroupoli
1%
Italy 21,146 Ariano Irpino
1%
Italy 18,182 Ariccia
1%
Russia 11,340 Arkadak
1%
Italy 12,144 Arluno
1%
Spain 24,340 Armilla
1%
United Kingdom 14,405 Armthorpe
1%
France 14,329 Arnouville
1%
France 10,920 Arpajon
1%
Spain 12,225 Arrigorriaga
1%
Spain 32,935 Arroyomolinos
1%
Italy 13,670 Artena
1%
Ukraine 14,486 Artsyz
1%
Italy 13,452 Arzachena
1%
Italy 33,527 Arzano
1%
Italy 25,066 Arzignano
1%
Germany 15,580 Ascheberg
1%
Belarus 16,966 Ashmyany
1%
United Kingdom 14,460 Ashtead
1%
Belarus 29,981 Asipovichy
1%
Italy 10,010 Asola
1%
Germany 13,517 Asperg
1%
Spain 10,068 As Pontes de García Rodríguez
1%
Greece 30,251 Asprópyrgos
1%
Belgium 14,369 Assenede
1%
Germany 13,654 Aßlar
1%
Belarus 14,147 Astraviec
1%
Spain 18,960 Atarfe
1%
United Kingdom 11,598 Atherstone
1%
France 35,101 Athis-Mons
1%
Russia 23,660 Atkarsk
1%
Italy 10,135 Atri
1%
Malta 11,630 Attard
1%
Belgium 17,251 Aubange
1%
France 12,253 Aubenas
1%
France 11,974 Aubergenville
1%
France 10,745 Aubière
1%
Belgium 34,404 Auderghem
1%
France 13,336 Audincourt
1%
Germany 10,147 Augustdorf
1%
Germany 10,177 Aulendorf
1%
Norway 17,591 Aurskog-Høland
1%
Italy 12,526 Avigliana
1%
Italy 10,739 Avigliano
1%
France 17,583 Avion
1%
Romania 12,815 Avrig
1%
France 14,065 Avrillé
1%
Bulgaria 19,142 Aytos
1%
Belgium 12,607 Aywaille
1%
Russia 33,728 Aznakayevo
1%
Spain 35,407 Azuqueca de Henares
1%
Italy 15,557 Azzano Decimo
1%
Italy 17,882 Aci Sant'Antonio
0%
Russia 23,331 Afipsky
0%
Greece 34,168 Ágioi Anárgyroi
0%
Russia 21,267 Akhtyrsky
0%
Spain 11,406 A Laracha
0%
Spain 12,474 Albatera
0%
Russia 12,812 Alburikent
0%
Russia 11,672 Alexeyevskoye
0%
Italy 11,567 Alfonsine
0%
Germany 10,021 Altenholz
0%
France 16,563 Ambarès-et-Lagrave
0%
Russia 10,983 Andreyevka
0%
Italy 12,347 Anzola dell'Emilia
0%
Romania 10,685 Apahida
0%
Spain 11,306 Aranguren
0%
Italy 10,172 Arcola
0%
Italy 10,495 Atessa
0%
Italy 10,563 Atripalda
0%
France 10,399 Auchel
0%
France 12,771 Auriol
0%
No matching quizzes found
Score Distribution
Percent of People with Each Score
Percentile by Number Answered
Your Score History
You have not taken this quiz since the last reset